| 000 | 00974nam a22002297a 4500 | ||
|---|---|---|---|
| 005 | 20240305165413.0 | ||
| 007 | cr|||| |||| | ||
| 008 | 130607e2013 sp |||||s|||| 00||0 spa d | ||
| 035 | _a11256 | ||
| 040 | _avLex | ||
| 090 |
_c4288 _d4288 |
||
| 100 | 1 | 0 | _aBoldó Prats, Gabriela |
| 245 | 1 | 0 |
_aProblemática en cuanto a la efectiva protección en las situaciones de maltrato a la mujer _c/ Gabriela Boldó Prats _h[Recurso electrónico] |
| 256 | _aServicio en línea | ||
| 260 |
_aBarcelona : _bEditorial vLex, _c2013 |
||
| 300 | _a1 Recurso electrónico | ||
| 506 |
_dvLex Global _dvLex Global (Academic Edition, excluding Law Schools) _dvLex Global (U.S. Academic Edition, Law Schools) _dvLex Global (U.S. Academic Edition, excluding Law Schools) _dvLex Global (Academic Edition, Law Schools) |
||
| 650 | 0 |
_aDerecho penal _zEspaña |
|
| 740 | _avLex Libros (Servicio en línea) | ||
| 856 |
_aAcceso restringido _uhttp://www.vlex.es/source/11256 |
||
| 942 | _cRAA | ||
| 999 |
_c162656 _d162656 |
||